The Marble Collector / (Record no. 4694)

MARC details
000 -LEADER
fixed length control field 00748cam a2200253 4500
001 - CONTROL NUMBER
control field 5573
005 - DATE AND TIME OF LATEST TRANSACTION
control field 20181127175809.0
008 - FIXED-LENGTH DATA ELEMENTS--GENERAL INFORMATION
fixed length control field 150624s2016 nyu d 000 1 eng
010 ## - LIBRARY OF CONGRESS CONTROL NUMBER
LC control number 2015013379
020 ## - INTERNATIONAL STANDARD BOOK NUMBER
International Standard Book Number 9780008167936
International Standard Book Number 9781250080240 (e-book)
042 ## - AUTHENTICATION CODE
Authentication code lcac
-- pcc
100 1# - MAIN ENTRY--PERSONAL NAME
Personal name Ahern, Cecelia,
Dates associated with a name 1981-
245 10 - TITLE STATEMENT
Title The Marble Collector /
Statement of responsibility, etc. Cecelia Ahern.
250 ## - EDITION STATEMENT
Edition statement First edition.
264 #1 - PRODUCTION, PUBLICATION, DISTRIBUTION, MANUFACTURE, AND COPYRIGHT NOTICE
Place of production, publication, distribution, manufacture New York :
Name of producer, publisher, distributor, manufacturer HarperCollinsPublishers,
Date of production, publication, distribution, manufacture, or copyright notice 2015.
300 ## - PHYSICAL DESCRIPTION
Extent pages cm
336 ## - CONTENT TYPE
Content type term text
Source rdacontent
337 ## - MEDIA TYPE
Media type term unmediated
Source rdamedia
338 ## - CARRIER TYPE
Carrier type term volume
Source rdacarrier
650 #1 - SUBJECT ADDED ENTRY--TOPICAL TERM
Topical term or geographic name entry element Family secrets --Fiction.
Topical term or geographic name entry element Fathers and daughters
Form subdivision Fiction.
Topical term or geographic name entry element Marbles (Game) --Collectors and collecting
Form subdivision Fiction.
Holdings
Withdrawn status Lost status Source of classification or shelving scheme Damaged status Not for loan Collection code Home library Current library Shelving location Date acquired Serial Enumeration / chronology Inventory number Total Checkouts Total Renewals Full call number Barcode Date last seen Date last checked out Price effective from Koha item type
    Dewey Decimal Classification     Fiction RTC Library RTC Library Fiction 17/08/2021 8899 15 5 FIC 813.54 AHE 30009041 30/09/2024 21/09/2024 27/11/2018 Fiction
Royal Thimphu College || All Right Reserved